| 000 | 01735nam a2200421 c 4500 | ||
|---|---|---|---|
| 001 | 58318 | ||
| 003 | CO-BoRNBP | ||
| 005 | 20250821201607.0 | ||
| 007 | ta | ||
| 008 | 210813s2018 ck a br 000 0 spa d | ||
| 020 | _a9789584843296 | ||
| 040 |
_aCO-BoRNBP _bspa _erda _cCO-BoRNBP |
||
| 041 | 0 | _aspa | |
| 082 | 0 | 4 |
_a398.8861 _bV24m _222 |
| 084 | _aP VEL | ||
| 100 |
_aVelandia, Edson, _d1975- _eaut _962909 |
||
| 245 | 1 | 0 |
_aMontañero / _ccanciones y producción Edson Velandia ; ilustraciones Luciano Awa ; con la participación de Nayra Guadalupe, Eloísa Pérez Pereira y Violeta Camacho Hernández. |
| 250 | _aPrimera edición | ||
| 264 | 1 |
_aPiedecuesta, Santander : _bCinechichera, _c2018 |
|
| 300 |
_a31 páginas : _bilustraciones + _e1 CD |
||
| 336 |
_2rdacontent _atexto _btxt |
||
| 337 |
_2rdamedia _asin mediación _bn |
||
| 338 |
_2rdacarrier _avolumen _bnc |
||
| 500 | _aEl CD incluye la interpretación de las canciones | ||
| 505 | 1 | _aLas palomas -- Los rratones -- La bailarina -- Montañero -- El elefante -- Serenauta -- El chulito -- Emilio -- La bruja -- Afinamesta -- Manos arriba -- Aserrín aserrán -- No megus -- La tetica | |
| 521 | _aRecomendado para un público infantil mayor de 6 años | ||
| 650 | 0 | 7 |
_aCancioneros infantiles _2lemb |
| 650 | 0 | 7 |
_aCanciones infantiles colombianas _2LEMB _921793 |
| 650 | 0 | 4 |
_aLiteratura colombiana _2LEMB _91068 |
| 650 | 0 | 7 |
_aMúsica infantil colombiana _2lemb _962910 |
| 650 | 0 | 7 |
_aRimas infantiles _vPoesía _2lemb _962911 |
| 655 |
_aPoesía _962912 |
||
| 700 |
_aAwa, Luciano _eill _962913 |
||
| 700 |
_aCamacho Hernández, Violeta _eill _962914 |
||
| 700 |
_aGuadalupe, Nayra _eill _962915 |
||
| 700 |
_aPérez Pereira, Eloísa _eill _962916 |
||
| 942 |
_2ddc _cBKINF |
||
| 999 |
_c58318 _d58318 |
||